00407nam a2200181Ia 4500003000400000005001700004006001900021007000300040008004100043024001000084037001200094040002000106041001300126082001300139100002300152245004100175260000900216OSt20220928144522.0a|||||r|||| 00| 0 ta220927b |||||||| |||| 00| 0 eng d a71265 cTextual aSDCLcSDCLbeng 2engaeng aX0gY, N7 aAckerman Frank Ed. 0aHuman well-being and economic goals. c1997